[Event "Eliteserien 2013 - 14"]
[Site "Oslo"]
[Date "2013.11.01"]
[Round "5"]
[White "Johansen, Terje"]
[Black "Kjølberg, Jens Hjorth"]
[Result "1-0"]
[WhiteElo "2265"]
[BlackElo "1984"]
[PlyCount "101"]
[EventDate "2013.??.??"]

1. d4 Nf6 2. c4 g6 3. Nc3 Bg7 4. e4 d6 5. Nf3 O-O 6. Be2 e5 7. O-O Nc6 8. d5
Ne7 9. Ne1 Nd7 10. Be3 f5 11. f3 f4 12. Bf2 g5 13. Rc1 a6 14. Nd3 b6 15. b4 Rf6
16. c5 Rh6 17. cxd6 cxd6 18. Kh1 Qe8 19. Be1 Nf6 20. Nf2 Rg6 21. b5 a5 22. Na4
Rb8 23. Nxb6 Rxb6 24. Bxa5 Rb7 25. b6 Nd7 26. Bb5 h5 27. Qa4 g4 28. Bc6 Qd8 29.
Bxb7 Bxb7 30. Nd3 gxf3 31. Rxf3 Nxd5 32. exd5 Bxd5 33. Rf2 Qa8 34. Ne1 Nxb6 35.
Qc2 Be4 36. Qb3+ Nd5 37. Qc4 Qxa5 38. Qxe4 Ne7 39. Qb7 Bf8 40. Nf3 Rg7 41. Rb2
Rg6 42. Qd7 e4 43. Nh4 Rf6 44. Rb5 Qd2 45. Rg5+ Kf7 46. Rg1 Qe2 47. a4 e3 48.
Nf3 Bh6 49. Rxh5 Qf2 50. Rd5 Rg6 51. Rf5+
1-0

[Event "Eliteserien 2013 - 14"]
[Site "Oslo"]
[Date "2013.11.01"]
[Round "6"]
[White "Hammer, Jon Ludvig"]
[Black "Lie, Kjetil A."]
[Result "1/2-1/2"]
[WhiteElo "2633"]
[BlackElo "2532"]
[PlyCount "108"]
[EventDate "2013.??.??"]

1. Nf3 Nf6 2. g3 g6 3. Bg2 Bg7 4. c4 O-O 5. d4 d6 6. O-O c6 7. Nc3 Qa5 8. e4 e5
9. Re1 Nbd7 10. h3 exd4 11. Nxd4 Ne5 12. Bf1 Re8 13. Be3 Be6 14. Nxe6 Rxe6 15.
Kg2 Rae8 16. Qd2 Ned7 17. Rac1 a6 18. f3 h5 19. Ne2 Qc7 20. Red1 Ne5 21. Nf4
R6e7 22. Qxd6 Qc8 23. Be2 g5 24. Nd3 Nxf3 25. Bxf3 g4 26. Qf4 gxf3+ 27. Qxf3
Rxe4 28. Re1 h4 29. gxh4 Qd8 30. Bf2 Rxe1 31. Rxe1 Rxe1 32. Bxe1 Qd4 33. b3 Ne4
34. h5 b5 35. Nf2 Nxf2 36. Bxf2 Qd6 37. Qf5 bxc4 38. bxc4 Qd2 39. a4 Bf8 40.
Qg4+ Bg7 41. Qc8+ Bf8 42. Qxc6 Qg5+ 43. Kh1 Qxh5 44. Qg2+ Kh7 45. Bg1 Qf5 46.
Qg4 Qxg4 47. hxg4 Kg6 48. c5 Bxc5 49. Bxc5 f5 50. Kg2 fxg4 51. Kf2 Kf5 52. Ke3
Ke6 53. Kd4 Kd7 54. Kd5 Kc7
1/2-1/2

[Event "Eliteserien 2013 - 14"]
[Site "Oslo"]
[Date "2013.11.01"]
[Round "6"]
[White "Lie, Espen"]
[Black "Agdestein, Simen"]
[Result "0-1"]
[WhiteElo "2471"]
[BlackElo "2555"]
[PlyCount "84"]
[EventDate "2013.??.??"]

1. Nf3 d5 2. e3 Nf6 3. c4 e6 4. b3 Bd6 5. Bb2 O-O 6. Be2 Nbd7 7. O-O e5 8. c5
Nxc5 9. Nxe5 Qe7 10. d4 Ncd7 11. Nd3 Ne4 12. Nd2 a5 13. a4 b6 14. Re1 Bb7 15.
Nf1 Rfe8 16. Rc1 Rac8 17. f3 Nef6 18. Nf2 Bb4 19. Bc3 Bxc3 20. Rxc3 c5 21. Bb5
Red8 22. Nd3 Nf8 23. dxc5 bxc5 24. Qc1 Ne6 25. Qa3 Rc7 26. Ng3 Rdc8 27. Qc1 g6
28. Rc2 h5 29. Qd2 c4 30. bxc4 dxc4 31. Nf2 Nd5 32. Rec1 c3 33. Qe1 Nc5 34. e4
Nb4 35. Rxc3 Na2 36. Rxc5 Rxc5 37. Rxc5 Qxc5 38. Ne2 Nc3 39. Nxc3 Qxc3 40. Qf1
Qe3 41. Bc4 Bc6 42. Qd1 Bxe4
0-1

[Event "Eliteserien 2013 - 14"]
[Site "Oslo"]
[Date "2013.11.01"]
[Round "6"]
[White "Berg, Emanuel"]
[Black "Tisdall, Jonathan"]
[Result "1-0"]
[WhiteElo "2574"]
[BlackElo "2430"]
[PlyCount "55"]
[EventDate "2013.??.??"]

1. e4 e5 2. Nf3 Nc6 3. Bb5 a6 4. Ba4 Nge7 5. c3 g6 6. d4 exd4 7. cxd4 b5 8. Bc2
d5 9. exd5 Nxd5 10. O-O Bg7 11. Nc3 Nxc3 12. bxc3 O-O 13. Re1 Bb7 14. Bg5 Qd6
15. Nd2 Rae8 16. Ne4 Qd5 17. Qd2 Na5 18. f3 f5 19. Nc5 b4 20. Rxe8 Rxe8 21. Re1
Bc6 22. Rxe8+ Bxe8 23. cxb4 Qxd4+ 24. Kh1 Bb5 25. Qxd4 Bxd4 26. Ne6 Nc6 27. Bb3
Bc3 28. a4
1-0

[Event "Eliteserien 2013 - 14"]
[Site "Oslo"]
[Date "2013.11.01"]
[Round "6"]
[White "Østenstad, Berge"]
[Black "Johannessen, Leif E"]
[Result "1/2-1/2"]
[WhiteElo "2483"]
[BlackElo "2521"]
[PlyCount "67"]
[EventDate "2013.??.??"]

1. d4 d5 2. c4 dxc4 3. e3 e5 4. Bxc4 exd4 5. exd4 Nf6 6. Nf3 Bd6 7. O-O O-O 8.
Nc3 Nc6 9. h3 h6 10. Re1 Re8 11. Be3 Bf5 12. a3 Ne4 13. Nb5 a6 14. Nxd6 Nxd6
15. Ba2 Qf6 16. d5 Ne5 17. Nxe5 Rxe5 18. Rc1 Re7 19. Qd4 Qxd4 20. Bxd4 Rxe1+
21. Rxe1 Re8 22. Rxe8+ Nxe8 23. f3 Kf8 24. Kf2 f6 25. Ke3 Nd6 26. Bc5 Ke7 27.
g4 Bc2 28. Kd2 Bg6 29. Bb3 Bf7 30. Kc3 Kd7 31. Ba4+ Nb5+ 32. Bxb5+ axb5 33. Kd4
h5 34. Bf8
1/2-1/2

[Event "Eliteserien 2013 - 14"]
[Site "Oslo"]
[Date "2013.11.01"]
[Round "6"]
[White "Gausel, Einar J"]
[Black "Sahl, Bjarke"]
[Result "1-0"]
[WhiteElo "2500"]
[BlackElo "2355"]
[PlyCount "77"]
[EventDate "2013.??.??"]

1. d4 Nf6 2. Nf3 e6 3. c4 d5 4. Nc3 Be7 5. Bg5 O-O 6. e3 h6 7. Bh4 b6 8. Bd3
Bb7 9. Bxf6 Bxf6 10. cxd5 exd5 11. O-O Re8 12. Rc1 a6 13. Qb3 Ra7 14. Rfd1 Qd6
15. Bb1 Nd7 16. a3 Nf8 17. Ba2 c5 18. Nxd5 cxd4 19. Nxf6+ Qxf6 20. Nxd4 Ba8 21.
f3 Ng6 22. e4 Nf4 23. Qc2 Qg5 24. g3 Nh3+ 25. Kg2 Qh5 26. Nf5 Ng5 27. Qc3 Ne6
28. h4 Qg6 29. Rd6 Rb7 30. Qe5 Kh7 31. Kf2 f6 32. Rxe6 fxe5 33. Rxg6 Kxg6 34.
Nd6 Ree7 35. Nxb7 Bxb7 36. Rd1 b5 37. Rd6+ Kh7 38. Bd5 Bc8 39. h5
1-0

[Event "Eliteserien 2013 - 14"]
[Site "Oslo"]
[Date "2013.11.01"]
[Round "6"]
[White "Hammerstad, Åsmund"]
[Black "Øgaard, Leif"]
[Result "1/2-1/2"]
[WhiteElo "2260"]
[BlackElo "2404"]
[PlyCount "85"]
[EventDate "2013.??.??"]

1. d4 Nf6 2. c4 e6 3. Nc3 d5 4. cxd5 exd5 5. Bg5 Be7 6. e3 O-O 7. Bd3 c6 8. Qc2
Nbd7 9. Nge2 Re8 10. O-O Nf8 11. f3 Be6 12. Bh4 Rc8 13. Rad1 a6 14. Kh1 b5 15.
a3 N6d7 16. Bf2 Nb6 17. Nf4 Bd7 18. e4 Bg5 19. Nfe2 dxe4 20. Nxe4 Be6 21. Nc5
Bd5 22. Nxa6 Nc4 23. Nb4 Ne3 24. Bxe3 Bxe3 25. Nxd5 Qxd5 26. Be4 Qd6 27. f4 c5
28. dxc5 Qxc5 29. Qxc5 Bxc5 30. Bd3 b4 31. a4 Bb6 32. b3 Ne6 33. Bc4 Nc5 34.
Ng3 Kf8 35. Nf5 Rcd8 36. g3 g6 37. Nh6 Ne4 38. Rxd8 Rxd8 39. Nxf7 Rd2 40. Ng5
Nf2+ 41. Rxf2 Rxf2 42. Nxh7+ Ke7 43. Ng5
1/2-1/2

[Event "Eliteserien 2013 - 14"]
[Site "Oslo"]
[Date "2013.11.01"]
[Round "6"]
[White "Elsness, Frode"]
[Black "Collins, Sam"]
[Result "1/2-1/2"]
[WhiteElo "2483"]
[BlackElo "2471"]
[PlyCount "59"]
[EventDate "2013.??.??"]

1. d4 d5 2. c4 c6 3. Nf3 Nf6 4. Nc3 a6 5. c5 Nbd7 6. Bf4 Nh5 7. Bd2 Nhf6 8. Qc2
g6 9. g3 Bg7 10. Bg2 O-O 11. O-O Re8 12. Rad1 Nh5 13. e4 dxe4 14. Nxe4 Ndf6 15.
Nxf6+ Nxf6 16. Rfe1 Bg4 17. Qb3 Bxf3 18. Bxf3 Qd7 19. Ba5 e5 20. Rd3 Re7 21.
Kg2 Rae8 22. a4 Qc8 23. Bc3 Rd7 24. Red1 Qd8 25. Qc4 Nd5 26. Be1 Qe7 27. Ba5
Ra8 28. Kg1 Bf6 29. Bg2 Qf8 30. Bf3
1/2-1/2

[Event "Eliteserien 2013 - 14"]
[Site "Oslo"]
[Date "2013.11.01"]
[Round "6"]
[White "Romanov, Evgeny"]
[Black "Urkedal, Frode Olav Olsen"]
[Result "1-0"]
[WhiteElo "2616"]
[BlackElo "2469"]
[PlyCount "73"]
[EventDate "2013.??.??"]

1. c4 c5 2. Nf3 Nc6 3. d4 cxd4 4. Nxd4 Nf6 5. Nc3 e6 6. Bf4 a6 7. Nxc6 bxc6 8.
Bd6 Bxd6 9. Qxd6 Qb6 10. O-O-O Rb8 11. Rd2 c5 12. Qg3 O-O 13. e4 Bb7 14. e5 Ne4
15. Nxe4 Bxe4 16. Qc3 Rb7 17. f3 Bc6 18. Bd3 Rfb8 19. Bb1 Qd8 20. h4 f5 21. Rh2
Qe7 22. Qd3 g6 23. Qe3 Rb4 24. Bd3 d5 25. exd6 Qxd6 26. g4 Kg7 27. Bf1 Qg3 28.
h5 Qxf3 29. Qe5+ Kg8 30. Qxe6+ Kh8 31. Qf6+ Kg8 32. Qe6+ Kh8 33. Be2 Qc3+ 34.
bxc3 Rb1+ 35. Kc2 Be4+ 36. Qxe4 fxe4 37. Rd8+
1-0

[Event "Eliteserien 2013 - 14"]
[Site "Oslo"]
[Date "2013.11.01"]
[Round "6"]
[White "Hansen, Torbjørn R."]
[Black "Predojevic, Borki"]
[Result "1/2-1/2"]
[WhiteElo "2444"]
[BlackElo "2600"]
[PlyCount "24"]
[EventDate "2013.??.??"]

1. c4 e5 2. Nc3 d6 3. Nf3 f5 4. d4 e4 5. Ng5 Be7 6. Nh3 Nf6 7. Bg5 O-O 8. e3 c6
9. Nf4 Na6 10. Be2 Nc7 11. Qb3 Rb8 12. h4 Nfe8
1/2-1/2

[Event "Eliteserien 2013 - 14"]
[Site "Oslo"]
[Date "2013.11.01"]
[Round "6"]
[White "Tari, Aryan"]
[Black "Arvola, Benjamin"]
[Result "1-0"]
[WhiteElo "2295"]
[BlackElo "2268"]
[PlyCount "95"]
[EventDate "2013.??.??"]

1. d4 Nf6 2. c4 e6 3. Nf3 Bb4+ 4. Nbd2 O-O 5. a3 Bxd2+ 6. Bxd2 Ne4 7. Bf4 d6 8.
e3 c5 9. Bd3 f5 10. O-O g5 11. Bxe4 gxf4 12. Bd3 fxe3 13. fxe3 cxd4 14. Nxd4
Nc6 15. Nxc6 bxc6 16. Qf3 d5 17. Rad1 Qe7 18. e4 fxe4 19. Qg3+ Qg7 20. Rxf8+
Kxf8 21. Qd6+ Kg8 22. Bxe4 dxe4 23. Qd8+ Kf7 24. Qc7+ Kg6 25. Qg3+ Kf7 26. Qc7+
Kg6 27. Qg3+ Kf7 28. Qc7+ Kg6 29. Qg3+ Kf7 30. Qc7+ Kg6 31. Qg3+ Kf7 32. Qc7+
Kg6 33. Qg3+ Kf7 34. Qc7+ Kg6 35. Qf4 Qf6 36. Qxe4+ Qf5 37. Qxc6 Rb8 38. Rf1
Qg5 39. Qc7 Qe3+ 40. Kh1 Rb7 41. Qxc8 Rg7 42. Qe8+ Kh6 43. Qf8 Qe2 44. Qf6+ Rg6
45. Qh4+ Kg7 46. Qf2 Qxf2 47. Rxf2 Rg4 48. Rc2
1-0

[Event "Eliteserien 2013 - 14"]
[Site "Oslo"]
[Date "2013.11.01"]
[Round "6"]
[White "Bjerke, Silje"]
[Black "Kvisvik, Brede Alex."]
[Result "0-1"]
[WhiteElo "2210"]
[BlackElo "2316"]
[PlyCount "158"]
[EventDate "2013.??.??"]

1. e4 c5 2. Nf3 d6 3. d4 cxd4 4. Nxd4 Nf6 5. Nc3 a6 6. Be2 e6 7. O-O Nc6 8. Be3
Be7 9. f4 Qc7 10. Kh1 Na5 11. a4 b6 12. Bf3 Bb7 13. Qe1 Nc4 14. Bc1 Nd7 15. b3
Na5 16. Bb2 Bf6 17. Rd1 O-O 18. Nde2 Rfd8 19. Qd2 Nf8 20. Qe3 Ng6 21. g3 Rac8
22. Rd3 Nc6 23. Ba3 Rd7 24. Rfd1 Rcd8 25. Qd2 Be7 26. Bg2 d5 27. Bxe7 Ncxe7 28.
e5 Nf5 29. Rc1 h5 30. Nd4 Nxd4 31. Rxd4 Ne7 32. Ne2 Nf5 33. Rd3 d4 34. Bxb7
Qxb7+ 35. Kg1 b5 36. axb5 axb5 37. c3 dxc3 38. Rcxc3 Qa7+ 39. Kg2 Qb7+ 40. Kg1
Qa7+ 41. Kg2 Rxd3 42. Rxd3 Qb7+ 43. Kg1 Qb6+ 44. Kg2 Qc6+ 45. Kg1 Qc5+ 46. Kg2
Rxd3 47. Qxd3 b4 48. h3 h4 49. g4 Ne3+ 50. Kf3 Nd5 51. Kg2 g6 52. Kf3 Kg7 53.
Kg2 Qa7 54. Qf3 Qa1 55. Kf2 Qb2 56. Kf1 Qb1+ 57. Kf2 Qc2 58. f5 gxf5 59. gxf5
Qxf5 60. Qxf5 exf5 61. Nd4 Kg6 62. Nf3 Kh5 63. Nd4 Nf4 64. Nxf5 Nxh3+ 65. Kf3
Ng5+ 66. Kf4 Ne6+ 67. Ke3 Nc5 68. Nd4 Kg4 69. Kf2 Nd3+ 70. Kg2 Nxe5 71. Nc2 Nd3
72. Ne3+ Kg5 73. Kf3 f5 74. Nf1 Nc5 75. Ne3 Nxb3 76. Nc2 Nd2+ 77. Ke2 b3 78.
Na3 h3 79. Kf2 b2
0-1

[Event "Eliteserien 2013 - 14"]
[Site "Oslo"]
[Date "2013.11.01"]
[Round "6"]
[White "Sagafos, Magne"]
[Black "Kvisla, Johannes"]
[Result "1-0"]
[WhiteElo "2408"]
[BlackElo "2136"]
[PlyCount "133"]
[EventDate "2013.??.??"]

1. e4 c5 2. Nf3 d6 3. Bb5+ Nc6 4. O-O Bd7 5. c4 e5 6. d3 g6 7. Nc3 Bg7 8. Ne1
Nge7 9. Be3 O-O 10. Qd2 f5 11. Bg5 Qe8 12. Nc2 f4 13. Bxe7 Nxe7 14. f3 g5 15.
b4 b6 16. a4 a5 17. bxc5 bxc5 18. Rab1 h5 19. Nd5 Nxd5 20. cxd5 Bf6 21. Na3 Bd8
22. Nc4 Rf6 23. Bxd7 Qxd7 24. Rb5 g4 25. Qe2 Rg6 26. Rfb1 Ra7 27. Rb8 Kg7 28.
R1b5 Bc7 29. R8b7 Rxb7 30. Rxb7 Kh6 31. Rb5 Qd8 32. Nd2 Qh4 33. Rb7 Qd8 34. Qd1
Qc8 35. Rb5 Qd7 36. Nc4 Qd8 37. Rb7 Qc8 38. Rb1 Qd7 39. Rb5 Qd8 40. Rb1 Qd7 41.
Nd2 Qc8 42. Kh1 Qd8 43. Nc4 Qh4 44. Qe1 Qg5 45. Qe2 Qh4 46. Qe1 Qg5 47. Qf1 Qh4
48. Rb7 gxf3 49. gxf3 Bd8 50. Rd7 Be7 51. Nxa5 Qf6 52. Nc6 Bf8 53. a5 Rg3 54.
hxg3 fxg3 55. Kg2 Qf4 56. Qe1 h4 57. Nd8 Kh5 58. Rh7+ Bh6 59. Nf7 h3+ 60. Kg1
Qxf3 61. Rxh6+ Kg4 62. Rg6+ Kh5 63. Rg5+ Kh4 64. Qxg3+ Qxg3+ 65. Rxg3 Kxg3 66.
a6 h2+ 67. Kh1
1-0

[Event "Eliteserien 2013 - 14"]
[Site "Oslo"]
[Date "2013.11.01"]
[Round "6"]
[White "Kjølberg, Jens Hjorth"]
[Black "Holm, Kristian Stuvik"]
[Result "1/2-1/2"]
[WhiteElo "1984"]
[BlackElo "2274"]
[PlyCount "96"]
[EventDate "2013.??.??"]

1. e4 c5 2. Nc3 a6 3. Nf3 d6 4. d4 cxd4 5. Nxd4 Nf6 6. Be2 e5 7. Nb3 Be7 8. O-O
O-O 9. Qd3 Nbd7 10. Be3 b5 11. a4 b4 12. Nd5 Nxd5 13. Qxd5 Rb8 14. f3 Nf6 15.
Qd2 a5 16. Bc4 Qc7 17. Qe2 Bb7 18. Rfd1 Rfc8 19. Bd3 d5 20. Bf2 dxe4 21. fxe4
Nd7 22. Kh1 Nf8 23. Bg3 Ne6 24. Rf1 Bg5 25. Qg4 Bf4 26. Bf2 Ra8 27. Qe2 Bh6 28.
Bg3 Nf4 29. Bxf4 Bxf4 30. Nd2 Qe7 31. Nf3 Bh6 32. Rad1 Kh8 33. Rfe1 Qe6 34. b3
Rc3 35. Bc4 Qe7 36. Rd3 Rxd3 37. Qxd3 Rd8 38. Qe2 Bf4 39. Qf2 Qc7 40. Bd3 Bc8
41. Ng1 Be6 42. Rd1 Bg5 43. Ne2 g6 44. Qf3 Qd7 45. h3 Bh6 46. Ng3 Bg7 47. Nf1
f5 48. Ne3 fxe4
1/2-1/2

[Event "Eliteserien 2013 - 14"]
[Site "Oslo"]
[Date "2013.11.01"]
[Round "6"]
[White "Harestad, Hans K"]
[Black "Bern, Ivar"]
[Result "1/2-1/2"]
[WhiteElo "2286"]
[BlackElo "2304"]
[PlyCount "59"]
[EventDate "2013.??.??"]

1. d4 f5 2. Nf3 Nf6 3. g3 e6 4. Bg2 d5 5. O-O Bd6 6. c4 c6 7. Qc2 O-O 8. Nc3
Qe7 9. Bg5 h6 10. Bf4 Bxf4 11. gxf4 Bd7 12. Rab1 Be8 13. Ne5 Ng4 14. Nxg4 fxg4
15. e3 Nd7 16. Qe2 Bg6 17. Rbc1 Nf6 18. f3 Bf5 19. Kh1 Kh8 20. Rg1 Rad8 21.
fxg4 Bxg4 22. Bf3 Bxf3+ 23. Qxf3 dxc4 24. Ne4 Nxe4 25. Qxe4 Qd7 26. Rxc4 Qd5
27. Qxd5 exd5 28. Ra4 a6 29. Rb4 Rd7 30. Rg3
1/2-1/2

[Event "Eliteserien 2013 - 14"]
[Site "Oslo"]
[Date "2013.11.01"]
[Round "6"]
[White "Hersvik, Daniel"]
[Black "Astrup, Kim Chr."]
[Result "0-1"]
[WhiteElo "2220"]
[BlackElo "2256"]
[PlyCount "77"]
[EventDate "2013.??.??"]

1. e4 d6 2. d4 Nf6 3. Nc3 e5 4. Nf3 Nbd7 5. Bc4 Be7 6. Ng5 O-O 7. Bxf7+ Rxf7 8.
Ne6 Qe8 9. Nxc7 Qd8 10. Nxa8 b5 11. dxe5 dxe5 12. Nd5 Bd6 13. Bg5 Bb7 14. Qd3
Nc5 15. Qxb5 Qxa8 16. Bxf6 gxf6 17. f3 Bxd5 18. exd5 Rb7 19. Qc4 Rb4 20. Qe2
Rxb2 21. O-O Qb8 22. f4 e4 23. Qg4+ Kh8 24. Qf5 Qf8 25. Rf2 Nd3 26. Rd2 Nc5 27.
g4 Qg7 28. Rg2 Rb4 29. c3 Rb8 30. Re1 Re8 31. Re3 Qe7 32. g5 fxg5 33. fxg5 Rf8
34. Qh3 Qf7 35. Re1 Qg6 36. Qe3 Nd3 37. Qd4+ Kg8 38. Qxe4 Bc5+ 39. Kh1
0-1

[Event "Eliteserien 2013 - 14"]
[Site "Oslo"]
[Date "2013.11.01"]
[Round "7"]
[White "Lahlum, Hans O."]
[Black "Astrup, Kim Chr."]
[Result "1-0"]
[WhiteElo "2182"]
[BlackElo "2256"]
[PlyCount "53"]
[EventDate "2013.??.??"]

1. d4 d5 2. c4 c6 3. Nf3 Nf6 4. Nc3 dxc4 5. a4 Bf5 6. Ne5 Nbd7 7. Nxc4 Qc7 8.
g3 e5 9. dxe5 Nxe5 10. Bf4 Nfd7 11. Bg2 g5 12. Nxe5 gxf4 13. Nxd7 Bxd7 14. Qd4
Rg8 15. Qe4+ Be7 16. Qxh7 O-O-O 17. Qxf7 Bc5 18. Ne4 Bb4+ 19. Kf1 Rdf8 20. Qc4
a5 21. Qd4 Rg6 22. Rd1 Bf5 23. Qa7 Qe7 24. Nc3 Bc5 25. Qxa5 fxg3 26. Qa8+ Kc7
27. Nb5+
1-0

[Event "Eliteserien 2013 - 14"]
[Site "Oslo"]
[Date "2013.11.01"]
[Round "7"]
[White "Gudbrandsen, Gustav"]
[Black "Andreassen, Pål"]
[Result "1-0"]
[WhiteElo "2231"]
[BlackElo "2125"]
[PlyCount "65"]
[EventDate "2013.??.??"]

1. e4 Nf6 2. Nc3 d5 3. exd5 Nxd5 4. Nf3 Nxc3 5. bxc3 g6 6. Bc4 Bg7 7. h4 h5 8.
d4 O-O 9. Bg5 c5 10. Qe2 cxd4 11. Bxe7 d3 12. cxd3 Bxc3+ 13. Kf1 Qd7 14. Rc1
Re8 15. Rxc3 Rxe7 16. Qd2 Nc6 17. Qh6 Qg4 18. Rh3 Be6 19. Rg3 Qf5 20. Ng5 Qf6
21. Nxf7 Kxf7 22. Rf3 Qxf3 23. Bxe6+ Rxe6 24. Qh7+ Kf6 25. gxf3 Re7 26. Qh6
Rae8 27. Rc4 Re6 28. d4 Re1+ 29. Kg2 Rd1 30. d5 Ne5 31. Qf4+ Kg7 32. Rc7+ Kg8
33. Qf6
1-0

[Event "Eliteserien 2013 - 14"]
[Site "Oslo"]
[Date "2013.11.01"]
[Round "7"]
[White "Johansen, Paul"]
[Black "Lie, Espen"]
[Result "0-1"]
[WhiteElo "2115"]
[BlackElo "2471"]
[PlyCount "150"]
[EventDate "2013.??.??"]

1. e4 Nf6 2. Nc3 d5 3. exd5 Nxd5 4. Qf3 c6 5. Bc4 Be6 6. Nge2 Nc7 7. d3 Nd7 8.
Bf4 Bxc4 9. dxc4 e5 10. Be3 Qf6 11. Qg3 Qe6 12. b3 Qg6 13. Qxg6 hxg6 14. Rd1
Ne6 15. Ne4 Nf6 16. Nxf6+ gxf6 17. O-O Bc5 18. Bxc5 Nxc5 19. b4 Ne6 20. g3 Ke7
21. Rd3 a5 22. Rfd1 Rhd8 23. Rxd8 Nxd8 24. b5 Rc8 25. b6 Ne6 26. Nc3 f5 27. Na4
Rd8 28. Rxd8 Kxd8 29. c5 Ke7 30. Kf1 e4 31. Ke2 Kf6 32. Nb2 Nxc5 33. Nc4 a4 34.
Ke3 Nd7 35. Kd4 Ke7 36. Na5 Nxb6 37. Nxb7 Nd7 38. h4 f6 39. a3 Ne5 40. Nc5 Ng4
41. Nxa4 Nxf2 42. Nc3 Kd6 43. a4 Ng4 44. a5 c5+ 45. Kc4 Kc6 46. Kb3 Ne3 47. a6
c4+ 48. Kb4 Kb6 49. a7 Kxa7 50. Kc5 Kb7 51. Ne2 Nxc2 52. Kxc4 Kc6 53. Kc3 Ne3
54. Kd4 Nd5 55. g4 fxg4 56. Kxe4 Kd6 57. Kd4 Ke6 58. Ke4 f5+ 59. Kd4 Kd6 60.
Ng3 Nf4 61. Nf1 Ne6+ 62. Ke3 Ke5 63. Nd2 f4+ 64. Kf2 Nc5 65. Kg2 Ne4 66. Nf1
f3+ 67. Kg1 Kf4 68. Kh2 g3+ 69. Kg1 Kg4 70. Ne3+ Kh3 71. h5 Nd2 72. Nd1 gxh5
73. Kh1 Ne4 74. Ne3 f2 75. Ng2 f1=Q# 0-1

[Event "Eliteserien 2013 - 14"]
[Site "Oslo"]
[Date "2013.11.01"]
[Round "7"]
[White "Ekeberg, Carl Fr."]
[Black "Stray, Gunnar"]
[Result "1/2-1/2"]
[WhiteElo "2274"]
[BlackElo "2050"]
[PlyCount "100"]
[EventDate "2013.??.??"]

1. Nf3 Nf6 2. c4 c6 3. Nc3 d5 4. d4 g6 5. cxd5 cxd5 6. Bf4 a6 7. h3 Bg7 8. e3
Nc6 9. Bd3 O-O 10. O-O b5 11. Rc1 Bb7 12. Be2 e6 13. Ne1 Qe7 14. Nd3 Nd7 15. a3
Na5 16. b4 Nc4 17. a4 Bc6 18. Bg3 Rfc8 19. Re1 Ndb6 20. a5 Nd7 21. Qb3 f5 22.
Rcd1 Bf6 23. Bf1 Kg7 24. Nb1 g5 25. Nd2 Nf8 26. Nf3 Ng6 27. Nfe5 Be8 28. Be2
Kh8 29. Nxg6+ Bxg6 30. Nc5 Rg8 31. Qc3 Ra7 32. Be5 Bf7 33. f3 Bxe5 34. dxe5 Qc7
35. Bxc4 bxc4 36. e4 fxe4 37. fxe4 d4 38. Qxd4 g4 39. hxg4 Rxg4 40. Qc3 Qe7 41.
Qf3 Rg6 42. Qf4 Be8 43. Re3 Qg7 44. Qh2 Ra8 45. Rf3 Bb5 46. Rd2 Rg8 47. Rc3 Qe7
48. Rf3 Qg7 49. Rc3 Qe7 50. Rf3 Qg7
1/2-1/2

[Event "Eliteserien 2013 - 14"]
[Site "Oslo"]
[Date "2013.11.01"]
[Round "7"]
[White "Aulin-Jansson, Jøran"]
[Black "Kongevold, Hans Inge"]
[Result "0-1"]
[WhiteElo "2232"]
[BlackElo "2057"]
[PlyCount "134"]
[EventDate "2013.??.??"]

1. d4 f5 2. c4 Nf6 3. Nc3 g6 4. g3 Bg7 5. Bg2 O-O 6. Nf3 d6 7. O-O c6 8. b4 e5
9. dxe5 Ng4 10. Bg5 Qd7 11. Qb3 Nxe5 12. Nxe5 dxe5 13. Rfd1 Qf7 14. c5 Qxb3 15.
axb3 e4 16. Bd2 Be6 17. Ra3 Rd8 18. Be1 Rxd1 19. Nxd1 Na6 20. f3 exf3 21. Bxf3
Nc7 22. Nf2 Nb5 23. Ra5 a6 24. Ra2 Rd8 25. Rd2 Rxd2 26. Bxd2 Bxb3 27. e4 Nd4
28. Bg2 Bc4 29. exf5 gxf5 30. g4 fxg4 31. Nxg4 Nb3 32. Be1 Bd4+ 33. Kh1 a5 34.
bxa5 Nxc5 35. Nh6+ Kf8 36. Nf5 Nd3 37. Nxd4 Nxe1 38. Be4 Bd3 39. Ne6+ Ke7 40.
Nc5 Bxe4+ 41. Nxe4 Nd3 42. Kg2 h6 43. Kf3 Ne5+ 44. Ke3 Nc4+ 45. Kd4 Nxa5 46.
Kc5 Ke6 47. Kb6 Nc4+ 48. Kc5 Ne5 49. Kb6 Nc4+ 50. Kc5 Ke5 51. Nf2 Ne3 52. Kb6
Kd4 53. Kxb7 c5 54. Nh3 Ng4 55. Nf4 Nxh2 56. Ne6+ Kd5 57. Nc7+ Ke4 58. Kc6 c4
59. Nd5 Kd4 60. Kd6 Ng4 61. Ke6 Ne3 62. Nf4 Ke4 63. Ne2 Kd3 64. Nc1+ Kd2 65.
Na2 h5 66. Ke5 h4 67. Kf4 Nf5 0-1

[Event "Eliteserien 2013 - 14"]
[Site "Oslo"]
[Date "2013.11.01"]
[Round "7"]
[White "Collins, Sam"]
[Black "Stokke, Kjetil"]
[Result "1-0"]
[WhiteElo "2471"]
[BlackElo "2403"]
[PlyCount "131"]
[EventDate "2013.??.??"]

1. e4 c6 2. d4 d5 3. exd5 cxd5 4. c4 Nf6 5. Nc3 g6 6. Qb3 Bg7 7. cxd5 O-O 8. g3
Na6 9. Bg2 Qb6 10. Nge2 Qxb3 11. axb3 Nb4 12. O-O Rd8 13. Ra5 a6 14. Bf4 Bg4
15. d6 exd6 16. Bxb7 Rab8 17. Bg2 Nd3 18. Rxa6 Nxf4 19. Nxf4 Rxb3 20. h3 Bf5
21. g4 g5 22. Nfe2 Bd3 23. Ra2 Rdb8 24. Rd1 Bc4 25. Rd2 h5 26. Bf3 hxg4 27.
hxg4 Be6 28. Ng3 R3b6 29. Ra5 Rxb2 30. Rxb2 Rxb2 31. Rxg5 Nh7 32. Rb5 Rd2 33.
Rb8+ Nf8 34. Nce4 Rxd4 35. Nh5 d5 36. Nef6+ Bxf6 37. Nxf6+ Kg7 38. Nh5+ Kg8 39.
Nf6+ Kg7 40. Nh5+ Kg8 41. Rd8 Rc4 42. Nf6+ Kg7 43. Nh5+ Kg8 44. Kg2 Rc8 45.
Rxc8 Bxc8 46. Bxd5 Kh7 47. Kg3 Kg6 48. Kh4 Bd7 49. Be4+ f5 50. Bb1 Kf7 51. Bxf5
Bxf5 52. gxf5 Nd7 53. Kg5 Nc5 54. Ng3 Nd3 55. Ne4 Ne5 56. Kf4 Nd3+ 57. Kg5 Ne5
58. Nd2 Nd3 59. f3 Ne5 60. f4 Nd3 61. Nf3 Nc5 62. Ne5+ Ke7 63. Kg6 Kf8 64. f6
Kg8 65. f7+ Kf8 66. f5
1-0

[Event "Eliteserien 2013 - 14"]
[Site "Oslo"]
[Date "2013.11.01"]
[Round "7"]
[White "Gullaksen, Eirik"]
[Black "Nordahl, Helge"]
[Result "1/2-1/2"]
[WhiteElo "2384"]
[BlackElo "2340"]
[PlyCount "75"]
[EventDate "2013.??.??"]

1. e4 c5 2. Nf3 d6 3. d4 cxd4 4. Nxd4 Nf6 5. Nc3 a6 6. g3 e5 7. Nb3 Be7 8. Bg2
Bg4 9. Qd3 O-O 10. O-O b5 11. Be3 Nbd7 12. Rfe1 Qc7 13. h3 Be6 14. Nd5 Bxd5 15.
exd5 Rfc8 16. c3 Rab8 17. Nd2 Nb6 18. Bxb6 Rxb6 19. Rec1 Nd7 20. b4 Bg5 21. a4
Bxd2 22. Qxd2 Nf6 23. axb5 axb5 24. Ra5 h6 25. Qe3 Rbb8 26. Ra6 e4 27. Qd4 Qd7
28. c4 bxc4 29. Rxc4 Rxc4 30. Qxc4 Qb5 31. Qxb5 Rxb5 32. Rxd6 Rxb4 33. Rd8+ Kh7
34. d6 Rd4 35. d7 g6 36. Bxe4 Nxe4 37. Re8 Rxd7 38. Rxe4
1/2-1/2

[Event "Eliteserien 2013 - 14"]
[Site "Oslo"]
[Date "2013.11.01"]
[Round "7"]
[White "Andersen, Lars Even"]
[Black "Gabrielsen, Stig"]
[Result "0-1"]
[WhiteElo "2297"]
[BlackElo "2316"]
[PlyCount "42"]
[EventDate "2013.??.??"]

1. d4 Nf6 2. Nf3 g6 3. Bf4 Bg7 4. Nbd2 O-O 5. e4 d6 6. Bd3 c5 7. dxc5 dxc5 8.
Qe2 Nh5 9. Be3 Bxb2 10. Rb1 Bc3 11. Rb3 Bg7 12. Bc4 Qc7 13. O-O Nc6 14. Bxc5
Na5 15. Rb5 b6 16. Bb4 Nf4 17. Qe3 Nxc4 18. Nxc4 Qxc4 19. Qxf4 Qxb5 20. Bxe7
Re8 21. Bd6 h6
0-1

[Event "Eliteserien 2013 - 14"]
[Site "Oslo"]
[Date "2013.11.01"]
[Round "7"]
[White "Moen, Andreas G.R."]
[Black "Kvisla, Johannes"]
[Result "1-0"]
[WhiteElo "2390"]
[BlackElo "2136"]
[PlyCount "75"]
[EventDate "2013.??.??"]

1. e4 c5 2. Nf3 d6 3. d4 cxd4 4. Nxd4 Nf6 5. Nc3 a6 6. Be3 e5 7. Nb3 Be7 8. f3
Be6 9. Qd2 O-O 10. O-O-O a5 11. Bb5 Na6 12. Qe2 Qb8 13. Kb1 Rc8 14. Na4 d5 15.
Nb6 dxe4 16. a3 exf3 17. gxf3 Nc7 18. Bc4 Bf5 19. Bc5 Bxc5 20. Nxc5 Re8 21.
Nxa8 Qxa8 22. Ne4 Bxe4 23. fxe4 b5 24. Bxb5 Rb8 25. a4 Ne6 26. Rhe1 Nd4 27.
Rxd4 exd4 28. e5 Nd5 29. e6 fxe6 30. Qxe6+ Kh8 31. Bc6 Nc7 32. Qd7 Qa7 33. Re7
d3 34. cxd3 Qg1+ 35. Ka2 Qxh2 36. Bb5 Nxb5 37. Qe8+ Rxe8 38. Rxe8#
1-0

[Event "Eliteserien 2013 - 14"]
[Site "Oslo"]
[Date "2013.11.01"]
[Round "7"]
[White "Kjølberg, Jens Hjorth"]
[Black "Hauge, Lars Oskar"]
[Result "0-1"]
[WhiteElo "1984"]
[BlackElo "2179"]
[PlyCount "76"]
[EventDate "2013.??.??"]

1. c4 e5 2. Nc3 Nc6 3. g3 f5 4. Bg2 Nf6 5. e3 g6 6. Nge2 Bg7 7. O-O O-O 8. d4
e4 9. b3 d6 10. Bb2 Ne7 11. d5 g5 12. f3 exf3 13. Bxf3 Ng6 14. Nd4 Qe7 15. Qd2
h5 16. Rae1 Bh6 17. Bg2 Ne8 18. Qc2 Ng7 19. Bc1 Ne5 20. Nf3 Bd7 21. Nxe5 Qxe5
22. Bb2 Qe7 23. Nb5 c6 24. dxc6 bxc6 25. Nd4 Rac8 26. Kh1 h4 27. gxh4 g4 28.
Ne2 Qxh4 29. Nf4 Rfe8 30. Qc3 Kh7 31. e4 Re7 32. e5 Rce8 33. e6 Nxe6 34. Nxe6
Bxe6 35. Bxc6 Bd5+ 36. Bxd5 Rxe1 37. Bg2 Qf2 38. Qd3 Rxf1+
0-1